Science Quiz

Random Science or Biology Quiz

Scientists by First Names Quiz Stats

 Plays Quiz not verified by Sporcle

Score 0/24 Timer 05:00
0 Plays Today
% Correct
ALBERT Einstein
(Theoretical Physicist)
91.5%
STEPHEN Hawking
(Theoretical Physicist)
88.4%
JANE Goodall
(Primatologist)
81.8%
MARIE Curie
(Physicist, Chemist)
80.2%
NIKOLA Tesla
(Engineer, Inventor)
78.9%
BENJAMIN Franklin
(Polymath)
78.2%
ADA Lovelace
(Mathematician)
75.6%
NEIL deGrasse Tyson
(Astrophysicist)
72.8%
GALILEO Galilei
(Polymath)
72.6%
ROSALIND Franklin
(Physical Chemist)
70%
WILLIAM 'Bill' Nye
(Mechanical Engineer)
66.8%
ISAAC Newton
(Polymath)
66.8%
% Correct
CHARLES Darwin
(Naturalist)
64.9%
DMITRI Mendeleev
(Chemist)
63.3%
THOMAS Edison
(Inventor)
63.1%
CARL Sagan
(Astrophysicist)
62.9%
ALAN Turing
(Computer Scientist)
60.1%
GEORGE Washington Carver
(Botanist, Inventor)
55.6%
ALEXANDER Graham Bell
(Inventor)
54.7%
NICOLAUS Copernicus
(Astronomer)
51.4%
ANTOINE Lavoisier
(Biologist, Chemist)
49%
NIELS Bohr
(Physicist)
47.7%
MICHAEL Faraday
(Experimental Physicist)
47.3%
LINUS Pauling
(Biochemist)
42.2%

You're not logged in!

Compare scores with friends on all Sporcle quizzes.
OR
Log In

You Might Also Like...

Show Comments

Extras

Top Quizzes Today


Score Distribution

Your Account Isn't Verified!

In order to create a playlist on Sporcle, you need to verify the email address you used during registration. Go to your Sporcle Settings to finish the process.

Report this User

Report this user for behavior that violates our Community Guidelines.

Details: